ՀՀ Գիտությունների ազգային ակադեմիայի հիմնարար գիտական գրադարան  =   Fundamental Scientific Library of NAS RA

Լեռնականին յուշատետրը ։ (Record no. 530553)

MARC details
000 -LEADER
fixed length control field 01150nam a2200241 a 4500
001 - CONTROL NUMBER
control field 1927389
003 - CONTROL NUMBER IDENTIFIER
control field AM-YEHGA
005 - DATE AND TIME OF LATEST TRANSACTION
control field 20250618080145.0
008 - FIXED-LENGTH DATA ELEMENTS--GENERAL INFORMATION
fixed length control field 231026s2023 ai a||||||||||||||0|arm|d
020 ## - INTERNATIONAL STANDARD BOOK NUMBER
International Standard Book Number 9785540025706
040 ## - CATALOGING SOURCE
Original cataloging agency AM-YeHGA
041 0# - LANGUAGE CODE
Language code of text/sound track or separate title arm
090 ## - LOCALLY ASSIGNED LC-TYPE CALL NUMBER (OCLC); LOCAL CALL NUMBER (RLIN)
-- 569252
100 1# - MAIN ENTRY--PERSONAL NAME
Personal name Բիւրատ, Սմբատ
Dates associated with a name 1862-1915
245 10 - TITLE STATEMENT
Title Լեռնականին յուշատետրը ։
Remainder of title (Ինքնակենսագրութիւն) /
Statement of responsibility, etc. Բիւրատ, Սմբատ [Սմբատ Տէր Ղազարեան] ; Առաջաբ. հեղ. և կազմ.՝ Հ. Հախվերդյան ; Պատ. խմբ.՝ Մ.Ա. Մինասեան.
260 ## - PUBLICATION, DISTRIBUTION, ETC.
Place of publication, distribution, etc. Երևան :
Name of publisher, distributor, etc. «Հայաստան» հրատ.,
Date of publication, distribution, etc. 2023.
300 ## - PHYSICAL DESCRIPTION
Extent 263 + [4] էջ ։
Other physical details գուն. լուսանկ., նկ. ;
Dimensions 22 սմ.
500 ## - GENERAL NOTE
General note Բիւրատ Սմբատ = [Սմբատ Տէր Ղազարեան] տվյալները վերցված է https://hyw.wikipedia.org/wiki կայքից։
650 14 - SUBJECT ADDED ENTRY--TOPICAL TERM
Topical term or geographic name entry element Հայ հուշագրություն
9 (RLIN) 5766
700 1# - ADDED ENTRY--PERSONAL NAME
Personal name Հախվերդյան, Հասմիկ
Relator term առաջաբ.
Relationship aui
Relator term կազմ.
Relationship com
700 1# - ADDED ENTRY--PERSONAL NAME
Personal name Մինասեան, Միհրան Ա.
Relator term խմբ.
Relationship edt
942 ## - ADDED ENTRY ELEMENTS (KOHA)
Source of classification or shelving scheme Universal Decimal Classification
Koha item type Գրքեր / Books
Holdings
Withdrawn status Lost status Source of classification or shelving scheme Damaged status Not for loan Collection Home library Current library Date acquired Total checkouts Full call number Barcode Date last seen Price effective from Koha item type Public note
    Universal Decimal Classification     General Fundamental Scientific Library Fundamental Scientific Library 02/05/2024   AII/111863 FL0682179 02/05/2024 02/05/2024 Գրքեր / Books 30 Days Loan


ՀՀ ԳԱԱ հիմնարար գիտական գրադարան
ՀՀ,Երևան 0019
Մարշալ Բաղրամյան 24/6
հեռախոս:(374-10) 52-47-50
Հետադարձ կապ

All site content, except where otherwise noted, is licensed under a
Creative Commons License